Cal, poemas

Enregistré dans:
Détails bibliographiques
Auteur principal: Araya, Carlomagno
Format: Livre
Langue:Undetermined
Publié: San José, Costa Rica Imprenta Nacional 1970
Sujets:
Tags: Ajouter un tag
Pas de tags, Soyez le premier à ajouter un tag!

MARC

LEADER 00000nam a2200000Ia 4500
008 170316s9999 xx 000 0 und d
040 |a cru BVZT 
090 |a 868 A-15c 
100 |a Araya, Carlomagno  |9 339 
245 |a Cal, poemas  |c / Carlomagno Araya 
260 |a San José, Costa Rica  |b Imprenta Nacional  |c 1970 
300 |a 78 páginas 
650 |a LITERATURA COSTARRICENSE  |9 17 
999 |c 10657  |d 10657 
942 |c 15 D  |h 868 A-15c  |2 z